| 000 | 00663nam a2200217 4500 | ||
|---|---|---|---|
| 001 | 109307 | ||
| 003 | ES-MaACL | ||
| 005 | 20230906184823.0 | ||
| 007 | t| | ||
| 008 | 061121s1965 sp r ||||1| cat d | ||
| 100 | 1 |
_aOlivier, B. _986884 |
|
| 245 | 1 | 3 |
_aL' esperança cristiana / _cB. Olivier ; traductor Sebastiá Cabré. |
| 250 | _a[1ª ed.]. | ||
| 260 |
_aBarcelona : _bEstela S.A., _c1965. |
||
| 300 |
_a152 p. ; _c20 cm. |
||
| 490 | 1 |
_aBiblioteca teológica del seglar ; _v14 |
|
| 700 | 1 |
_aCabré, Sebastiá. _933265 |
|
| 830 | 0 |
_aBiblioteca teológica del seglar ; _v14 _9183530 |
|
| 852 |
_aES-MaACL _jC-26868 _bR.55691 |
||
| 999 |
_c109307 _d109307 |
||